000
00179nam a22000857a 4500
082
_a
894.81286
_b
TAP/RA
100
_a
Ramachandran,M.K
245
_a
Tapobhoomi Uthrakhand
942
_c
BK
999
_c
13636
_d
13636